The legend of Skull Cliff / (Record no. 1039)

MARC details
000 -LEADER
fixed length control field 01472cam a22002897a 4500
005 - DATE AND TIME OF LATEST TRANSACTION
control field 20231124101933.0
020 ## - INTERNATIONAL STANDARD BOOK NUMBER
International Standard Book Number 9780439929523
040 ## - CATALOGING SOURCE
Original cataloging agency BTCTA
Transcribing agency BTCTA
Modifying agency BAKER
-- TDS
-- EHH
-- DLC
Language of cataloging eng
050 00 - LIBRARY OF CONGRESS CALL NUMBER
Classification number PZ7.G8619
Item number Lf 2008
082 00 - DEWEY DECIMAL CLASSIFICATION NUMBER
Classification number 813.6
Edition number 22
100 1# - MAIN ENTRY--PERSONAL NAME
Personal name Gregory, Kristiana
245 14 - TITLE STATEMENT
Title The legend of Skull Cliff /
Statement of responsibility, etc. by Kristiana Gregory ; illustrated by Patrick Faricy
250 ## - EDITION STATEMENT
Edition statement First printing, June 2008
260 ## - PUBLICATION, DISTRIBUTION, ETC.
Place of publication, distribution, etc. New York :
Name of publisher, distributor, etc. Scholastic,
Date of publication, distribution, etc. 2008
300 ## - PHYSICAL DESCRIPTION
Extent 127 pages :
Other physical details illustrations, map ;
Dimensions 20 cm
490 ## - SERIES STATEMENT
Series statement Cabin Creek Mysteries
Volume/sequential designation Book 3
505 ## - FORMATTED CONTENTS NOTE
Formatted contents note O <br/>
520 ## - SUMMARY, ETC.
Summary, etc. When a rich city kid disappears from nearby Camp Whispering Pines, the three cousins find themselves in the middle of a serious mystery. A ransom note raises the stakes, and the police start tracking down a kidnapper. But Jeff, David, and Claire learn that the boy was last seen headed toward fabled Skull Cliff, possibly in search of its sparkly treasure. The clues just don't add up. As they put all of their evidence together, the cousins start to believe that there never was a kidnapping. But that doesn't mean the boy is out of trouble. He's in more danger than ever
521 0# - TARGET AUDIENCE NOTE
Target audience note 630 <br/><br/>
Source Lexile <br/>
521 1# - TARGET AUDIENCE NOTE
Target audience note O <br/>
Source Raz-Plus <br/>
650 #0 - SUBJECT ADDED ENTRY--TOPICAL TERM
Topical term or geographic name entry element Kidnapping
Form subdivision Juvenile fiction.
650 #1 - SUBJECT ADDED ENTRY--TOPICAL TERM
Topical term or geographic name entry element Mystery and detective stories.
700 1# - ADDED ENTRY--PERSONAL NAME
Personal name Faricy, Patrick
Relator term illustrator
906 ## - LOCAL DATA ELEMENT F, LDF (RLIN)
a 7
b cbc
c copycat
d 2
e ncip
f 20
g y-gencatlg
942 ## - ADDED ENTRY ELEMENTS (KOHA)
Source of classification or shelving scheme Dewey Decimal Classification
Koha item type Books
Suppress in OPAC No
999 ## -
-- 1039
-- 1039
Holdings
Withdrawn status Lost status Source of classification or shelving scheme Damaged status Not for loan Collection Home library Current library Shelving location Date acquired Total Checkouts Full call number Barcode Date last seen Date last checked out Price effective from Koha item type
    Dewey Decimal Classification     Juvenile Fiction Footprints International School Library Network Toul Kork Campus Footprints International School Library Network Toul Kork Campus   07/19/2023 1 GRE Fic PZ7.G8619 FIS00194 02/21/2024 02/05/2024 07/19/2023 Books